书目信息 |
| 题名: |
秘书文化论
|
|
| 作者: | 何坦野 著 | |
| 分册: | ||
| 出版信息: | 北京 中国广播电视出版社 2002 |
|
| 页数: | 205页 | |
| 开本: | 20cm | |
| 丛书名: | 现代传播系列丛书 | |
| 单 册: | ||
| 中图分类: | C931.46 | |
| 科图分类: | ||
| 主题词: | 文书工作 | |
| 电子资源: | ||
| ISBN: | 7-5043-3857-5 | |
| 000 | 00688oam2 2200241 45 | |
| 001 | 012002044500 | |
| 005 | 20041026105443.7 | |
| 010 | @a7-5043-3857-5@dCNY13.00 | |
| 100 | @a20020528d2002 em y0chiy0110 ea | |
| 101 | 0 | @achi |
| 102 | @aCN@b110000 | |
| 105 | @ay z 000yy | |
| 200 | 1 | @a秘书文化论@AMi Shu Wen Hua Lun@f何坦野著@FHe Tan Ye Zhu |
| 210 | @a北京@c中国广播电视出版社@d2002 | |
| 215 | @a205页@d20cm | |
| 225 | 2 | @a现代传播系列丛书@f王文科主编 |
| 410 | @12001 @a现代传播系列丛书 | |
| 410 | @1700 0@a王文科@AWang Wen Ke@4主编 | |
| 606 | 0 | @a文书工作 |
| 690 | @aC931.46@v4 | |
| 701 | 0 | @a何坦野@4著 |
| 801 | 0 | @aCN@bNLC@c20020603 |
| 905 | @b336115-119@dC931.46@e146@f5 | |
| 秘书文化论/何坦野著.-北京:中国广播电视出版社,2002 |
| 205页;20cm.-(现代传播系列丛书/王文科主编) |
| ISBN 7-5043-3857-5:CNY13.00 |
| ● |
| 相关链接 |
|
|
|
|
正题名:秘书文化论
索取号:C931.46/146
 
预约/预借
| 序号 | 登录号 | 条形码 | 馆藏地/架位号 | 状态 | 备注 |
| 1 | 0336115 | 203361156 | 第一借阅区/ [索取号:C931.46/146] | 在馆 | |
| 2 | 0336116 | 203361165 | 第一借阅区/ [索取号:C931.46/146] | 在馆 | |
| 3 | 0336117 | 203361174 | 第一借阅区/ [索取号:C931.46/146] | 在馆 | |
| 4 | 0336118 | 203361183 | 第一借阅区/ [索取号:C931.46/146] | 在馆 | |
| 5 | 0336119 | 203361192 | 第一样本阅览室/ [索取号:C931.46/146] | 在馆 |